| 000 -CABECERA |
| Longitud fija campo de control |
00577nam a2200193 a 4500 |
| 001 - NÚMERO DE CONTROL |
| Número de control |
2394 |
| 003 - IDENTIFICADOR DEL NÚMERO DE CONTROL |
| Identificador del número de control |
CDMR |
| 005 - FECHA Y HORA DE LA ÚLTIMA TRANSACCIÓN |
| Fecha y hora de la última transacción |
20130613100002.0 |
| 008 - CÓDIGOS DE INFORMACIÓN DE LONGITUD FIJA |
| Códigos de información de longitud fija |
130130s2001||||||||||||||||||||||||||||d |
| 020 ## - NÚMERO INTERNACIONAL NORMALIZADO PARA LIBROS |
| Número Internacional Normalizado para Libros (ISBN) |
8493038458 |
| 040 ## - FUENTE DE LA CATALOGACIÓN |
| Centro catalogador de origen |
CDMR |
| Lengua de catalogación |
cat |
| Centro transcriptor |
CPC GIRONA |
| 100 1# - PUNTO DE ACCESO PRINCIPAL-NOMBRE DE PERSONA |
| Nombre de persona |
Bonet, Montse |
| 9 (RLIN) |
1788 |
| 245 13 - MENCIÓN DE TÍTULO |
| Título |
La transformació de la ràdio local a Catalunya |
| Mención de responsabilidad, etc. |
Montse Bonet |
| Resto del título |
: perspectives de futur |
| 260 ## - PUBLICACIÓN, DISTRIBUCIÓN, ETC. (PIE DE IMPRENTA) |
| Nombre del editor, distribuidor, etc. |
Col·legi de Periodistes de Catalunya |
| 260 ## - PUBLICACIÓN, DISTRIBUCIÓN, ETC. (PIE DE IMPRENTA) |
| Fecha de publicación, distribución, etc. |
2001 |
| Nombre del editor, distribuidor, etc. |
Diputació de Barcelona |
| 490 0# - MENCIÓN DE SERIE |
| Mención de serie |
Ones i bits |
| Designación de volumen o secuencia |
3 |
| 650 04 - PUNTO DE ACCESO ADICIONAL DE MATERIA - TÉRMINO DE MATERIA |
| 9 (RLIN) |
3756 |
| Término de materia o nombre geográfico como elemento inicial |
Ràdio local |
| Subdivisión geográfica |
Catalunya |
| 942 ## - ENTRADA DE ELEMENTOS AGREGADOS (KOHA) |
| Koha [por defecto] tipo de item |
Monografies |
| Fuente de clasificaión o esquema |
|